000 00539cam a22001934a 4500
005 20250605163516.0
008 250528s ||||||||||||||||||||||||d
035 _a20763
020 _a9603441430
040 _aGR-AtMCL
_bgre
_dGR-AtMCL
_eAACR2
245 1 _aΟΡΓΑΝΩΤΙΚΗ-ΒΙΟΜΗΧΑΝΙΚΗ ΨΥΧΟΛΟΓΙΑ ΜΕΡΟΣ 3
250 _a96
260 _bΕλληνικά Γράμματα,
_c1995
300 _a126
700 1 _aΚαντας Αριστοτελης
942 _cBK
999 _c5846
_d5846